NBA Players from Georgia Tech - Statistics

General Stats
  • This quiz has been taken 36 times
    4 since last reset
  • The average score is 14 of 41
Answer Stats
Position Player Draft Year % Correct
PF Chris Bosh 2003
75%
G Jarrett Jack 2005
75%
PG Jose Alvarado 2021
75%
SG Josh Okogie 2018
75%
PF Alvin Jones 2001
50%
SG Brian Oliver 1990
50%
SF Dennis Scott 1990
50%
FC Derrick Favors 2010
50%
PG Kenny Anderson 1991
50%
SG Miles Kelly 2025
50%
FC Moses Wright 2021
50%
G Stephon Marbury 1996
50%
GF Anthony Morrow 2008
25%
GF Brook Steppe 1982
25%
G Craig Neal 1988
25%
GF Dion Glover 1999
25%
G Drew Barry 1996
25%
F Duane Ferrell 1988
25%
G Fred Vinson 1994
25%
F Gani Lawal 2010
25%
SG Glen Rice Jr. 2013
25%
G Iman Shumpert 2011
25%
F Iwano Newbill 1994
25%
FC Jason Collier 2000
25%
G Javaris Crittenton 2007
25%
C Jim Caldwell 1965
25%
F Jim Nolan 1949
25%
C John Salley 1986
25%
SG Jon Barry 1992
25%
C Luke Schenscher 2005
25%
C Malcolm Mackey 1993
25%
G Marcus Georges-Hunt 2016
25%
G Mario West 2007
25%
PG Mark Price 1986
25%
C Matt Geiger 1992
25%
F Matt Harpring 1998
25%
F Thaddeus Young 2007
25%
PF Tom Hammonds 1989
25%
PG Travis Best 1995
25%
G Will Bynum 2005
25%
C Yvon Joseph 1985
25%
No matching quizzes found
Score Distribution
Percent of People with Each Score
Percentile by Number Answered
Your Score History
You have not taken this quiz since the last reset